• 首页
  • 本馆介绍
  • 公告通知
  • 最新文献
  • 馆藏检索
  • 电子资源
  • 读者导购
  • 参考咨询
  • 我的图书馆
  • 登录
  • 详细信息显示
  • 放入我的书架
  • 预约/预借图书
  • 作者相关作品
  • 分类相关作品
  • 丛书相关作品
  • 出版社相关作品

书目信息

  • 表格格式
  • 工作单格式
  • 卡片格式
题名:
在北大听讲座
    
 
作者: 文池 主编
分册: 第二辑  
出版信息: 北京   新世界出版社  2000
页数: 274页
开本: 20cm
丛书名:
单 册:
中图分类: C53
科图分类:
主题词: 社会科学--文集 , 社会科学--会议录
电子资源:
ISBN: 7-80005-422-5
000 00608nam0 2200217 45
001 0201281179
005 20050322111855.6
010    @a7-80005-422-5@dCNY19.00
100    @a20020128d2000 km y0chiy0120 ea
101 0  @achi
105    @a z 000yy
200 1  @a在北大听讲座@AZai Bei Da Ting Jiang Zuo@h第二辑@e思想的魅力@f文池主编@FWen Chi Zhu Bian
210    @a北京@c新世界出版社@d2000
215    @a274页@d20cm
517    @a思想的魅力
606 0  @a社会科学@x文集
606 0  @a社会科学@x会议录
690    @aC53@v4
701  0 @a文池@4主编
801    @aCN@bTSTC@c20020312
905    @dC53@e111:2@f1@b306086
    
    在北大听讲座.第二辑:思想的魅力/文池主编.-北京:新世界出版社,2000
    274页;20cm
    
    
    ISBN 7-80005-422-5:CNY19.00
    
●
相关链接 在E读中查询图书 在五车中查询图书 在当当中查询图书 在豆瓣中查询图书


正题名:在北大听讲座     索取号:C53/111:2         预约/预借

序号 登录号 条形码 馆藏地/架位号 状态 备注
1 0306085   203060855   第一借阅区/ [索取号:C53/111:2] 在馆    
2 0306086   203060864   第一样本阅览室/ [索取号:C53/111:2] 在馆    
唐山师范学院图书馆 欢迎您!
大连网信软件有限公司© 版权所有